Guess the Fusion Rock Song Lyrics #82 - Statistics

General Stats
  • This quiz has been taken 16 times
  • The average score is 205 of 299
Answer Stats
Answerq % Correct
a
100%
I
100%
And
91%
and
91%
Can
91%
can
91%
can't
91%
could
91%
to
91%
To
91%
we
91%
We
91%
all
82%
are
82%
But
82%
for
82%
get
82%
got
82%
have
82%
here
82%
it
82%
Just
82%
just
82%
my
82%
no
82%
not
82%
on
82%
the
82%
where
82%
Where
82%
always
73%
did
73%
ever
73%
find
73%
Find
73%
good
73%
if
73%
If
73%
know
73%
never
73%
night
73%
Or
73%
together
73%
want
73%
what
73%
What
73%
been
64%
best
64%
doin
64%
doing
64%
enough
64%
goin
64%
in
64%
keep
64%
make
64%
more
64%
one
64%
out
64%
wasn't
64%
way
64%
were
64%
We're
64%
we're
64%
Why
64%
at
55%
Back
55%
back
55%
before
55%
break
55%
Cause
55%
gave
55%
last
55%
long
55%
nothin
55%
once
55%
right
55%
Take
55%
than
55%
think
55%
too
55%
with
55%
without
55%
wrong
55%
being
45%
better
45%
changes
45%
door
45%
guess
45%
head
45%
much
45%
Seems
45%
seems
45%
stay
45%
through
45%
times
45%
very
45%
we've
45%
another
36%
comes
36%
each
36%
figure
36%
finally
36%
getting
36%
magic
36%
other
36%
anywhere
27%
blowin
27%
hand
27%
haven't
27%
knows
27%
Lord
27%
may
27%
Quincy Jones and James Ingram
27%
strangers
27%
Whatever
27%
Wondering
27%
admit
18%
ought
18%
ourselves
18%
prayer
18%
understand
18%
goodbye
9%
Whoa
9%
No matching quizzes found
Score Distribution
Percent of People with Each Score
Percentile by Number Answered
Your Score History
You have not taken this quiz